000 00600nam a2200193Ii 4500
003 JO-AjNU
008 230606s9999||||xx |||||||||||||| ||und||
040 _aJO-AjNU
_beng
_erda
_cJO-AjNU
041 _aeng
050 1 4 _aPS3511.A86. S82 1968
100 3 _aEdited Cowa , Michael . H,
_eauthor
_95515
245 0 0 _aTwentieth Century Interpretations of The Sound and the Fury
264 3 1 _aNew Jersey :prentice-hall , 1968
300 _a114p
336 _atext
_btxt
_2rdacontent
337 _aunmediated
_bn
_2rdamedia
338 _avolume
_bnc
_2rdacarrier
650 4 _a. Sound and the fury 
_95516
999 _aE2853
_c2851
_d2851